[Event "SWE-chT 2122 Elite"]
[Site "Sweden"]
[Date "2022.03.20"]
[Round "5.1"]
[White "Bergre, Joachim"]
[Black "Schneider, Stefan"]
[Result "1/2-1/2"]
[WhiteElo "1944"]
[BlackElo "2375"]
[PlyCount "84"]
[EventDate "2021.12.03"]
[EventType "team-tourn"]
[EventRounds "9"]
[EventCountry "SWE"]
[SourceTitle "EXT 2023"]
[Source "ChessBase"]
[SourceDate "2022.10.05"]
[SourceVersion "1"]
[SourceVersionDate "2022.10.05"]
[SourceQuality "1"]
[WhiteTeam "Pelaro Alingsas"]
[BlackTeam "Limhamn"]
[WhiteTeamCountry "SWE"]
[BlackTeamCountry "SWE"]

1. Nf3 d5 2. c4 d4 3. g3 Nc6 4. d3 e5 5. Bg2 Bb4+ 6. Bd2 a5 7. 0-0 Nf6 8. Bxb4 axb4 9. Nbd2 0-0 10. a3 bxa3 11. Rxa3 Rxa3 12. bxa3 Qe7 13. Qb3 Nd7 14. Re1 Nc5 15. Qc2 f5 16. Nb3 Nd7 17. Qc1 Nf6 18. e3 dxe3 19. Rxe3 Ng4 20. Re2 Qd6 21. Rd2 Bd7 22. h3 Nf6 23. Qb2 b6 24. c5 Qe7 25. cxb6 cxb6 26. Nc1 e4 27. dxe4 fxe4 28. Ng5 e3 29. Qb3+ Kh8 30. Qxe3 Qxe3 31. fxe3 Ne5 32. Ne2 h6 33. Ne4 Nxe4 34. Bxe4 Bxh3 35. Nf4 Bf5 36. Rd5 Bxe4 37. Rxe5 Bc2 38. Re6 Ra8 39. Rxb6 Rxa3 40. Rb2 Rxe3 41. Rxc2 Rxg3+ 42. Kf2 Ra3 1/2-1/2

[Event "Bundesliga 1920"]
[Site "Germany"]
[Date "2021.10.17"]
[Round "15.8"]
[White "Kniest, Oliver"]
[Black "Schneider, Stefan"]
[Result "1/2-1/2"]
[WhiteElo "2282"]
[BlackElo "2382"]
[PlyCount "72"]
[EventDate "2019.11.23"]
[EventType "team-tourn"]
[EventRounds "15"]
[EventCountry "GER"]
[SourceTitle "EXT 2022"]
[Source "ChessBase"]
[SourceDate "2021.10.06"]
[SourceVersion "1"]
[SourceVersionDate "2021.10.06"]
[SourceQuality "1"]
[WhiteTeam "Solingen"]
[BlackTeam "Bayern Muenchen"]
[WhiteTeamCountry "GER"]
[BlackTeamCountry "GER"]

1. d4 Nf6 2. Nf3 e6 3. e3 c5 4. Bd3 d5 5. b3 Nc6 6. Bb2 Bd6 7. 0-0 0-0 8. Nbd2 b6 9. Ne5 Bb7 10. a3 Rc8 11. f4 Ne7 12. Qf3 Nf5 13. Rad1 Qe7 14. g4 c4 15. gxf5 cxd3 16. fxe6 dxc2 17. exf7+ Rxf7 18. Rc1 Rff8 19. b4 a5 20. Nb3 Bxb4 21. Rf2 Bxa3 22. Rfxc2 Bxb2 23. Rxb2 a4 24. Rxc8 Rxc8 25. Nd2 Rc1+ 26. Kg2 a3 27. Ra2 h6 28. Qe2 Rc3 29. Nb1 Ne4 30. Qb5 Rxe3 31. Rxa3 Rxa3 32. Nxa3 Qxa3 33. Qe8+ Qf8 34. Qe6+ Kh7 35. Qg6+ Kg8 36. Qe6+ Kh7 1/2-1/2

[Event "Porto Mannu op 11th"]
[Site "Porto Mannu"]
[Date "2019.06.08"]
[Round "9"]
[White "Zimina, Olga"]
[Black "Schneider, Stefan"]
[Result "1/2-1/2"]
[WhiteElo "2367"]
[BlackElo "2372"]
[PlyCount "32"]
[EventDate "2019.06.01"]
[EventType "swiss"]
[EventRounds "9"]
[EventCountry "ITA"]
[SourceTitle "CBM 190 Extra"]
[Source "ChessBase"]
[SourceDate "2019.07.15"]
[SourceVersion "1"]
[SourceVersionDate "2019.07.15"]
[SourceQuality "1"]

1. d4 d5 2. c4 dxc4 3. e3 e5 4. Bxc4 exd4 5. exd4 Bd6 6. Nf3 Nf6 7. 0-0 0-0 8. Bg5 Nc6 9. Nc3 h6 10. Bh4 Bg4 11. h3 Bxf3 12. Qxf3 Nxd4 13. Qxb7 Rb8 14. Qxa7 Ra8 15. Qb7 Rb8 16. Qa7 Ra8 1/2-1/2

[Event "Porto Mannu op 11th"]
[Site "Porto Mannu"]
[Date "2019.06.07"]
[Round "8"]
[White "Schneider, Stefan"]
[Black "Ruiz Castillo, Joshua Daniel"]
[Result "1/2-1/2"]
[WhiteElo "2372"]
[BlackElo "2472"]
[PlyCount "43"]
[EventDate "2019.06.01"]
[EventType "swiss"]
[EventRounds "9"]
[EventCountry "ITA"]
[SourceTitle "CBM 190 Extra"]
[Source "ChessBase"]
[SourceDate "2019.07.15"]
[SourceVersion "1"]
[SourceVersionDate "2019.07.15"]
[SourceQuality "1"]

1. d4 Nf6 2. Nf3 e6 3. c4 b6 4. Bf4 Bb7 5. e3 Be7 6. h3 0-0 7. Nc3 d5 8. Be2 dxc4 9. Bxc4 a6 10. 0-0 b5 11. Bd3 c5 12. dxc5 Bxc5 13. Qe2 Nbd7 14. Rfd1 Be7 15. Ne5 Qb6 16. Bxh7+ Kxh7 17. Rxd7 Nxd7 18. Nxd7 Qc6 19. Nxf8+ Rxf8 20. f3 b4 21. Ne4 f5 22. Ng5+ 1/2-1/2

[Event "SWE-chT 1819 Elite"]
[Site "Sweden"]
[Date "2019.01.12"]
[Round "4.3"]
[White "Schneider, Stefan"]
[Black "Drugge, Patrick"]
[Result "1-0"]
[WhiteElo "2365"]
[BlackElo "2198"]
[PlyCount "75"]
[EventDate "2018.11.09"]
[EventType "team-tourn"]
[EventRounds "9"]
[EventCountry "SWE"]
[SourceTitle "CBM 189 Extra"]
[Source "ChessBase"]
[SourceDate "2019.06.03"]
[SourceVersion "1"]
[SourceVersionDate "2019.06.03"]
[SourceQuality "1"]
[WhiteTeam "Limhamn"]
[BlackTeam "Norrkoping Schack 08"]
[WhiteTeamCountry "SWE"]
[BlackTeamCountry "SWE"]

1. d4 d5 2. Nf3 c6 3. Bf4 e6 4. e3 Bd6 5. Bd3 Bxf4 6. exf4 Qd6 7. Qd2 Nf6 8. 0-0 0-0 9. Ne5 b6 10. Qe2 c5 11. c3 Bb7 12. Nd2 cxd4 13. cxd4 a5 14. Rac1 Ba6 15. Bxa6 Nxa6 16. Rc6 Qb4 17. Ndf3 Nb8 18. a3 Qb3 19. Rc7 Ne4 20. Ng5 Na6 21. Rxf7 Nxg5 22. Rxf8+ Rxf8 23. fxg5 Nc7 24. Rc1 Nb5 25. Nf3 Re8 26. Rc8 Rxc8 27. Qxe6+ Kf8 28. Qxc8+ Ke7 29. Qb7+ Kf8 30. Qc8+ Ke7 31. Qc1 Qc4 32. Qe3+ Kf8 33. h4 Qc7 34. g3 Nd6 35. Qf4+ Kg8 36. Qe5 Qf7 37. Qxd6 Qxf3 38. Qxb6 1-0

[Event "BL2-Ost 1819"]
[Site "Germany"]
[Date "2018.12.16"]
[Round "4.4"]
[White "Koepke, Christian"]
[Black "Schneider, Stefan"]
[Result "1-0"]
[WhiteElo "2334"]
[BlackElo "2369"]
[PlyCount "141"]
[EventDate "2018.11.10"]
[EventType "team-tourn"]
[EventRounds "10"]
[EventCountry "GER"]
[SourceTitle "CBM 190 Extra"]
[Source "ChessBase"]
[SourceDate "2019.07.15"]
[SourceVersion "1"]
[SourceVersionDate "2019.07.15"]
[SourceQuality "1"]
[WhiteTeam "Garching"]
[BlackTeam "Muenchen Bayern"]
[WhiteTeamCountry "GER"]
[BlackTeamCountry "GER"]

1. e4 c6 2. d4 d5 3. exd5 cxd5 4. Bd3 Nc6 5. c3 Qc7 6. Ne2 Bg4 7. 0-0 e6 8. Qe1 Bxe2 9. Qxe2 Bd6 10. g3 Nf6 11. Nd2 0-0 12. Nf3 Rfe8 13. Bg5 Nd7 14. Rad1 a6 15. Be3 Nf6 16. Rde1 h6 17. Kg2 Rab8 18. Bc1 e5 19. dxe5 Nxe5 20. Nxe5 Bxe5 21. Qf3 Qc6 22. Re2 Bc7 23. Rfe1 Rxe2 24. Rxe2 Rd8 25. Be3 Bb6 26. Bf4 Bc7 27. Be3 Bb6 28. Bf4 Bc7 29. Bxc7 Qxc7 30. Qe3 Qc6 31. Qd4 Re8 32. Kg1 Kf8 33. Qb4+ Kg8 34. Qd4 Re6 35. Re3 Rxe3 36. Qxe3 Qa4 37. a3 Qb3 38. Qd2 Kf8 39. Qc2 Qb6 40. b4 Qc6 41. c4 dxc4 42. Qxc4 Qb6 43. Be2 Ne8 44. Bf3 Nd6 45. Qc5 Qxc5 46. bxc5 Nb5 47. Bxb7 Nc7 48. f4 a5 49. Kf2 Ne6 50. Ke3 Nxc5 51. Bd5 Ke7 52. Kd4 Nd7 53. Bc6 Nf6 54. Kc5 g5 55. Kb5 gxf4 56. gxf4 Nh5 57. f5 Kd6 58. Be4 Nf6 59. Bc2 Ng4 60. h3 Ne3 61. Bd3 Ke5 62. Kxa5 Nxf5 63. Bxf5 Kxf5 64. Kb4 Ke5 65. Kc3 f5 66. a4 f4 67. Kd3 Kd5 68. h4 Kc5 69. Ke4 Kb4 70. Kxf4 Kxa4 71. Kf5 1-0

[Event "Gothenburg Manhem-A"]
[Site "Gothenburg"]
[Date "2018.08.12"]
[Round "2"]
[White "Schneider, Stefan"]
[Black "Johansson, Linus"]
[Result "1/2-1/2"]
[WhiteElo "2399"]
[BlackElo "2457"]
[PlyCount "150"]
[EventDate "2018.08.11"]
[EventType "tourn"]
[EventRounds "9"]
[EventCountry "SWE"]
[EventCategory "8"]
[SourceTitle "CBM 186 Extra"]
[Source "ChessBase"]
[SourceDate "2018.08.24"]
[SourceVersion "1"]
[SourceVersionDate "2018.08.24"]
[SourceQuality "1"]

1. d4 Nf6 2. Nf3 e6 3. Bf4 b6 4. c4 Bb7 5. e3 Bb4+ 6. Nfd2 0-0 7. a3 Be7 8. Nc3 d5 9. Be2 c5 10. dxc5 bxc5 11. Bf3 Nbd7 12. cxd5 exd5 13. 0-0 Qb6 14. Qc2 Rac8 15. Rfe1 Qe6 16. e4 d4 17. Nd5 Nb6 18. Nc4 Nxc4 19. Qxc4 Bd8 20. Nxf6+ Qxf6 21. Bg3 Ba5 22. Red1 Qb6 23. Rab1 Ba6 24. Qd5 Rfd8 25. Qg5 Bc4 26. Bg4 h6 27. Qe5 Re8 28. Qf4 Rcd8 29. b4 cxb4 30. axb4 Bxb4 31. Qc7 Qxc7 32. Bxc7 a5 33. Bxd8 Rxd8 34. Rbc1 Bb5 35. Rc7 d3 36. h4 d2 37. Ra1 Ba4 38. Bd1 Bxd1 39. Rxd1 Re8 40. f3 f5 41. Rc4 fxe4 42. fxe4 Rf8 43. h5 Rf4 44. g3 Rf3 45. Kg2 Re3 46. Rd4 Kf7 47. R1xd2 Bxd2 48. Rxd2 Rxe4 49. Rd5 Ra4 50. Kh3 Ra1 51. Kg4 Ke6 52. Rb5 Ra4+ 53. Kh3 Kf6 54. Rb6+ Kg5 55. Rg6+ Kxh5 56. Rxg7 Ra3 57. Rg8 a4 58. Rg7 Rd3 59. Rg4 a3 60. Ra4 Kg5 61. Ra5+ Kf6 62. Kh4 Ke6 63. g4 Kd6 64. Ra6+ Kc5 65. Rxh6 Rd6 66. Rh8 Ra6 67. Rc8+ Kd6 68. Rc1 a2 69. Ra1 Ke6 70. Kh5 Kf7 71. g5 Ra4 72. Rf1+ Kg8 73. Ra1 Kg7 74. g6 Ra6 75. Kg5 Rxg6+ 1/2-1/2

[Event "Bundesliga 1718"]
[Site "Germany"]
[Date "2018.05.01"]
[Round "15.6"]
[White "Schneider, Stefan"]
[Black "Heinemann, Thies"]
[Result "0-1"]
[WhiteElo "2390"]
[BlackElo "2484"]
[PlyCount "80"]
[EventDate "2017.10.21"]
[EventType "team-tourn"]
[EventRounds "15"]
[EventCountry "GER"]
[SourceTitle "CBM 184"]
[Source "ChessBase"]
[SourceDate "2018.05.16"]
[SourceVersion "1"]
[SourceVersionDate "2018.05.16"]
[SourceQuality "1"]
[WhiteTeam "Bayern Muenchen"]
[BlackTeam "Hamburger SK"]
[WhiteTeamCountry "GER"]
[BlackTeamCountry "GER"]

1. d4 Nf6 2. Nf3 e6 3. c4 b6 4. g3 Ba6 5. Qa4 Bb7 6. Bg2 c5 7. dxc5 bxc5 8. 0-0 Be7 9. Nc3 0-0 10. Rd1 Qb6 11. Bf4 d6 12. Rab1 Nbd7 13. b4 cxb4 14. Rxb4 Bc6 15. Qb3 Qc5 16. Be3 Qa5 17. Nb5 Nc5 18. Bxc5 dxc5 19. Ra4 Qb6 20. Ne5 Bxg2 21. Kxg2 a6 22. Nd4 Qc7 23. Ndf3 Bd6 24. Qe3 h6 25. Ra3 Rfb8 26. Rad3 Rb6 27. h3 a5 28. R3d2 a4 29. Ng4 Ne8 30. Nge5 Rb4 31. g4 Rab8 32. h4 f6 33. Nd3 Rxc4 34. Qxe6+ Qf7 35. Qxf7+ Kxf7 36. Kh3 g5 37. h5 Ke7 38. Nfe1 f5 39. gxf5 Nf6 40. Nb2 Rh4+ 0-1

[Event "SWE-chT 1718 Elite"]
[Site "Sweden"]
[Date "2018.03.16"]
[Round "7.3"]
[White "Westerberg, Jonathan"]
[Black "Schneider, Stefan"]
[Result "1-0"]
[WhiteElo "2500"]
[BlackElo "2390"]
[PlyCount "93"]
[EventDate "2017.10.20"]
[EventType "team-tourn"]
[EventRounds "9"]
[EventCountry "SWE"]
[SourceTitle "EXT 2019"]
[Source "ChessBase"]
[SourceDate "2018.10.10"]
[SourceVersion "1"]
[SourceVersionDate "2018.10.10"]
[SourceQuality "1"]
[WhiteTeam "Viking Team"]
[BlackTeam "Limhamn"]
[WhiteTeamCountry "SWE"]
[BlackTeamCountry "SWE"]

1. e4 e6 2. d4 d5 3. Bd3 c5 4. exd5 exd5 5. Nf3 c4 6. Be2 Bd6 7. 0-0 Nf6 8. Bg5 0-0 9. b3 cxb3 10. axb3 Be6 11. c4 Be7 12. Nc3 Nc6 13. Ne5 h6 14. Bh4 Nb4 15. Bf3 Re8 16. c5 b6 17. Na4 Bf5 18. Rc1 bxc5 19. Nxc5 Rc8 20. Qd2 a5 21. Qf4 Bh7 22. Bg4 Ra8 23. Nxf7 Kxf7 24. Be6+ Kf8 25. Nd7+ Qxd7 26. Bxd7 g5 27. Bxg5 hxg5 28. Qxg5 Nxd7 29. Qh6+ Kg8 30. Qe6+ Kh8 31. Qxd7 Rad8 32. Qa7 Bd6 33. Rce1 Rg8 34. Re3 Nc6 35. Qb6 Ne7 36. Rfe1 Nf5 37. Rh3 Rd7 38. Qc6 Rdd8 39. Kh1 Rgf8 40. Qxd5 Bb4 41. Qe5+ Ng7 42. Qg5 Kg8 43. Qh6 Bf5 44. Rg3 Rd7 45. Re5 Rc7 46. h4 Bc3 47. Rc5 1-0

[Event "SWE-chT 1617"]
[Site "Sweden"]
[Date "2017.03.24"]
[Round "7.3"]
[White "Malesevic, Nedeljko"]
[Black "Schneider, Stefan"]
[Result "0-1"]
[WhiteElo "2253"]
[BlackElo "2346"]
[PlyCount "92"]
[EventDate "2016.10.14"]
[EventType "team-tourn"]
[EventRounds "9"]
[EventCountry "SWE"]
[SourceTitle "CBM 177 Extra"]
[Source "ChessBase"]
[SourceDate "2017.04.27"]
[SourceVersion "1"]
[SourceVersionDate "2017.04.27"]
[SourceQuality "1"]
[WhiteTeam "Eksjo"]
[BlackTeam "Limhamn"]
[WhiteTeamCountry "SWE"]
[BlackTeamCountry "SWE"]

1. d4 Nf6 2. c4 e6 3. Nf3 Bb4+ 4. Nbd2 0-0 5. a3 Be7 6. e4 d6 7. Bd3 e5 8. d5 Nh5 9. g3 Nd7 10. b4 g6 11. Bb2 Ng7 12. g4 h5 13. h3 a5 14. Nf1 Nf6 15. N3h2 Nh7 16. Ng3 h4 17. Ngf1 Bg5 18. Nf3 Bf4 19. Ne3 Bxe3 20. fxe3 Ng5 21. Qe2 c6 22. dxc6 bxc6 23. b5 N7e6 24. a4 Bb7 25. Rd1 Qf6 26. Nxh4 cxb5 27. Rf1 Qh8 28. Nf3 Qxh3 29. Nxg5 Nxg5 30. axb5 Bxe4 31. Bxe4 Nxe4 32. Qf3 Qh4+ 33. Ke2 Qh2+ 34. Ke1 Qh4+ 35. Ke2 Ng3+ 36. Kd2 Qh2+ 37. Kc3 Nxf1 38. Qxf1 Rac8 39. Rxd6 Qg3 40. Qe2 Rfd8 41. Rxd8+ Rxd8 42. c5 e4 43. Kc2 Qf3 44. Qe1 Rd3 45. c6 Qg2+ 46. Kc1 Rb3 0-1

[Event "Bundesliga 1617"]
[Site "Germany"]
[Date "2016.11.20"]
[Round "4.8"]
[White "Schneider, Stefan"]
[Black "Baldauf, Marco"]
[Result "0-1"]
[WhiteElo "2346"]
[BlackElo "2431"]
[PlyCount "76"]
[EventDate "2016.10.15"]
[EventType "team-tourn"]
[EventRounds "15"]
[EventCountry "GER"]
[SourceTitle "CBM 176"]
[Source "ChessBase"]
[SourceDate "2017.01.17"]
[SourceVersion "1"]
[SourceVersionDate "2017.01.17"]
[SourceQuality "1"]
[WhiteTeam "Bayern Muenchen"]
[BlackTeam "Berlin SF"]
[WhiteTeamCountry "GER"]
[BlackTeamCountry "GER"]

1. d4 Nf6 2. c4 g6 3. Nf3 Bg7 4. e3 0-0 5. Be2 c5 6. d5 d6 7. Nc3 e6 8. 0-0 exd5 9. cxd5 Na6 10. Ne1 Re8 11. f3 Nc7 12. a4 a6 13. Nc2 Bd7 14. a5 Bb5 15. Rf2 Bxe2 16. Rxe2 Nb5 17. Qd3 Nxc3 18. bxc3 Nd7 19. f4 Rc8 20. Qc4 f5 21. e4 Qe7 22. Rb1 Rb8 23. e5 dxe5 24. Ba3 Qf6 25. fxe5 Nxe5 26. Qf4 Nd3 27. Rxe8+ Rxe8 28. Qd2 c4 29. d6 Qf7 30. Ne1 Qd5 31. Nxd3 cxd3 32. Rd1 Re2 33. Qg5 Bf6 34. Qg3 Bh4 35. Qh3 d2 36. g3 Re1+ 37. Kf2 Rxd1 38. Qxh4 Rf1+ 0-1